[Majetková podstata podniku]
Recenzia na vedeckú monografiu, ktorá je zameraná predovšetkým na problematiku majetkovej podstaty podniku z teoretického hľadiska z pohľadu účtovníctva v širšom kontexte a v interdisciplinárnom prepojení. Problematika majetkovej podstaty podniku je spracovaná originálnym spôsobom, ktorý zahŕňa kom...
Na minha lista:
| Autor principal: | |
|---|---|
| Formato: | Capítulo de Livro |
| Idioma: | eslovaco |
| Assuntos: | |
| Tags: |
Sem tags, seja o primeiro a adicionar uma tag!
|
MARC
| LEADER | 00000naa a2200000 4500 | ||
|---|---|---|---|
| 001 | 0204690 | ||
| 005 | 20240502073422.7 | ||
| 041 | 0 | |a slo | |
| 044 | |a SK | ||
| 245 | 1 | 0 | |a [Majetková podstata podniku] |c Marianna Kršeková |
| 520 | |a Recenzia na vedeckú monografiu, ktorá je zameraná predovšetkým na problematiku majetkovej podstaty podniku z teoretického hľadiska z pohľadu účtovníctva v širšom kontexte a v interdisciplinárnom prepojení. Problematika majetkovej podstaty podniku je spracovaná originálnym spôsobom, ktorý zahŕňa komplexnú analýzu majetkovej podstaty podniku v kontexte viacerých ekonomických vedných disciplín s dôrazom na identifikáciu jej vývoja v čase, vychádzajúc z potenciálu účtovných informácií. | ||
| 610 | 2 | 0 | |a recenzie |
| 610 | 2 | 0 | |a majetok |
| 610 | 2 | 0 | |a informácie účtovné |
| 610 | 2 | 0 | |a hospodárstvo podniku finančné |
| 100 | 1 | |a Kršeková, Marianna | |